00401nam a2200157Ia 4500008004100000020001800041082001700059100002400076245001300100250000700113260003300120300002600153500001600179600003300195650001500228240925s9999 xx 000 0 und d a9789693512304 a891.4397 RAH aRehman, Shafiq -ur- 0aDarichay aNA aLahore:bSang-e-Meelc,2012. avi, 81p.b0fOriginal aInclude CIP aHumanities & Natural Science aLiterature